[Event "Liberec Region-chT 2223"]
[Site "Czech Republic"]
[Date "2022.12.11"]
[Round "5.8"]
[White "Horak, Josef"]
[Black "Kuchar, Jan"]
[Result "1-0"]
[WhiteElo "2012"]
[BlackElo "1361"]
[PlyCount "45"]
[EventDate "2022.10.09"]
[EventType "team-tourn"]
[EventRounds "11"]
[EventCountry "CZE"]
[SourceTitle "EXT 2024"]
[Source "ChessBase"]
[SourceDate "2023.10.10"]
[SourceVersion "1"]
[SourceVersionDate "2023.10.10"]
[SourceQuality "1"]

1. e4 c5 2. f4 e6 3. Nf3 Ne7 4. c3 g6 5. d4 Bg7 6. dxc5 Qc7 7. Qd6 Qa5 8. Bd2 Nbc6 9. a4 a6 10. b4 Qd8 11. Ra2 0-0 12. Na3 f5 13. e5 Re8 14. Qd3 Nd5 15. Rb2 Qe7 16. Nc4 Bh6 17. g3 Kh8 18. Bg2 b5 19. cxb6 Bb7 20. Nd6 Rg8 21. Nxb7 Rg7 22. Nd6 Rag8 23. h4 1-0